Sociologie organizace a byrokracie

Salvato in:
Dettagli Bibliografici
Autore principale: Keller, Jan
Natura: Libro
Lingua:ceco
Pubblicazione: Praha Sociologické nakladatelství 2007
Edizione:2. přeprac. vyd.
Serie:Základy sociologie 1. svazek
Soggetti:
Tags: Aggiungi Tag
Nessun Tag, puoi essere il primo ad aggiungerne!!

MARC

LEADER 00000nam$a2200000$$$4500
001 0098622
005 20240313090427.8
020 |a 978-80-86429-74-8 
041 0 |a cze 
044 |a CZ 
245 1 0 |a Sociologie organizace a byrokracie  |c Jan Keller 
250 |a 2. přeprac. vyd. 
264 1 |a Praha  |b Sociologické nakladatelství  |c 2007 
300 |a 182 s. 
490 1 |a Základy sociologie  |v 1. svazek 
830 0 |a Základy sociologie  |v 1. svazek 
610 2 0 |a organizácia 
610 2 0 |a byrokracia 
610 2 0 |a sociológia organizácie 
610 2 0 |a modernizácia 
610 2 0 |a motivácia 
610 2 0 |a riadenie 
610 2 0 |a paradigma 
610 2 0 |a inštitúcie verejnoprávne 
610 2 0 |a úrady 
610 2 0 |a teórie sociologické 
610 2 0 |a teórie ekonomické 
100 1 |a Keller, Jan